000
00303nam a22001457a 4500
008
210302b ||||| |||| 00| 0 eng d
020
_a
0721668852
041
_a
eng
080
_a
617
082
_a
617
100
_a
8
101
_a
ORT
245
_a
Skeletal Trauma
_c
Browner, B.D
942
_2
udc
_c
BK
999
_c
55545
_d
55545